01710agaaa2200337 45000010005000000030009000050050017000140070009000310080040000400400023000800410013001031000060001161300033001762450121002092500022003302600103003523000033004555080074004885200078005625380016006405460013006566500082006697000072007517000078008237000063009017000066009647000071010309420012011019990019011139520240011329647IT-RoPAU20220918181245.0d cvaizq50131s9999||||xx ||| | || ||und|| aIT-RoPAUcIT-RoPAU aITALIANO aCandiani Gian MariagCodice regista SPICS: 39846946788 aPOLE POLE... INSIEME!946789 aPOLE POLE... INSIEME!cDiretto da: Candiani Gian MariapPOLE POLE... INSIEME! (Rif. Codice opera principale : B9647) aEdizione Standard aVERONA (ITALIA)bCENTRO MISSIONARIO STIMMATINO / g"1991 (1° ed.: 1991 ; Ed. Lingua Orig.: 1991)" aVHSbsonoro, col.c28 minuti a"Musica: Pisetta Luisa; Soggetto: Zaupa Lidio -- Candiani Gian Maria" aPRESENZA DEI MISSIONARI STIMMATINI IN TANZANIA. DOCUMENTARIO VOCAZIONALE. aPAL, STEREO aITALIANO aDOCUMENTARIOeTV-PROGRAMMI RELIGIOSI [VHS]xCodice MATERIA SPICS: 9963936814 aCandiani Gian Maria e(regista)gCodice regista SPICS: 39846946790 aCandiani Gian Maria e(soggetto)gCodice Soggetto 2° SPICS: 39846946791 aPisetta Luisae(musica)gCodice Musica SPICS: 39848946792 aZaupa Lidio e(soggetto)gCodice Soggetto SPICS: 39847946793 aZaupa Lidioe(regista)gCodice secondo regista SPICS: 39847946794 cVH2ddc c106419d106419 0010406B_9647_00000000000000071aSPICSbSPICSd2015-01-31l0oB9647r2015-01-31 00:00:00w2015-01-31yVHzProgr. Ins.: 285 / N.Vol.:1 / Copie: 1 / Pag.:0 / Copia rara: n.d. / date import: 1.2.2015 / By Epidotti, Trombetti, Vaglietti